00571 2200217 4500001002100000005001500021035002000036007000300056008004100059020001800100082001100118084001700129100002500146245005900171250001300230260002700243300003800270650001500308505001300323990001700336INLIS00000000000315620240710092053 a0010-0724000013ta240710 g 0 ind  a9786237153269 a616.12 a616.12 SUD b0 aSudigdo Sastroasmoro1 aBuku Ajar Kardiologi Anak :b- /cSudigdo Sastroasmoro a1, cet-1 aJakarta :bIDAI,c2020 ahlm. 572 :bilust ;c21x 30 cme- 4aKedokteran ahlm. 572 a102024008385